| 000 | 00610nam a22002177a 4500 | ||
|---|---|---|---|
| 003 | BUBTL | ||
| 008 | 160801b xxu||||| |||| 00| 0 eng d | ||
| 020 | _a978-81-317-9027-4 | ||
| 082 | _a530YOU | ||
| 100 |
_9733 _aYoung,Hugh D./ Freedman,Roger A./ Ford, A.Lewis |
||
| 245 | _aUniversity Physics | ||
| 250 | _a13th | ||
| 260 |
_aChennai _bPearson _cc2013 |
||
| 300 |
_a[xxiv],1521p. _bills. _c27.5cm. |
||
| 650 | 0 |
_9167 _aPhysics |
|
| 700 |
_9734 _aYoung,Hugh D./ Freedman,Roger A./ Ford, A.Lewis |
||
| 760 | _b13th | ||
| 856 |
_k0 _l0 _yDownload |
||
| 942 |
_2ddc _cBK |
||
| 999 |
_c5303 _d5303 |
||